The Abinnaeus archive; papers of a Roman officer in the reign of Constantius II.

محفوظ في:

مؤلفون آخرون: Bell, H. Idris 1879-1967 (المحرر, المترجم), Abinnaeus, Flavius. [from old catalog]

التنسيق: كتاب

اللغة: English

منشور في: Oxford, Clarendon Press, 1962.

الموضوعات:

الوسوم: إضافة وسم

لا توجد وسوم, كن أول من يضع وسما على هذه التسجيلة!

رقم الطلب: DG316.7 .B43

LEADER 00894nam a22002537a 4500
003 OSt
005 20231219105501.0
008 231219s1962 enk 000 0 eng
999 |c 55137  |d 55137 
010 |a  63000791  
040 |a DLC  |c CarP  |d DLC 
043 |a e------  |a ff-----  |a aw----- 
050 0 0 |a DG316.7  |b .B43 
100 1 |a Bell, H. Idris  |q (Harold Idris),  |d 1879-1967,  |e editor,  |e translator. 
245 1 4 |a The Abinnaeus archive;  |b papers of a Roman officer in the reign of Constantius II.  |c Collected and re-edited by H.I. Bell [and others] 
260 |a Oxford,  |b Clarendon Press,  |c 1962. 
300 |a xiv, 191 p.  |c 24 cm. 
651 0 |a Rome  |x History  |y Empire, 284-476  |v Sources. 
651 0 |a Rome  |x Army  |x Military life. 
700 1 |a Abinnaeus, Flavius. [from old catalog] 
901 |a reviewed 
906 |a 0  |b cbc  |c premver  |d u  |e ncip  |f 19  |g y-gencatlg 
942 |2 lcc  |c BK 
955 |u ma02 2022-11-22